|
|
|
|
| LEADER |
01049nam a2200373 4500 |
| 001 |
DLU140162468 |
| 005 |
##20140723 |
| 008 |
##110624s2012 enk b 001 0 eng |
| 010 |
# |
# |
|a 2011024817
|
| 020 |
# |
# |
|a 0470655852
|
| 020 |
# |
# |
|a 9780470655856 (hard cover : alk. paper)
|
| 040 |
# |
# |
|a DLC
|c DLC
|
| 042 |
# |
# |
|a pcc
|
| 050 |
# |
# |
|a TP371.2
|b .P76 2012
|
| 082 |
# |
# |
|a 664.028
|b Pro
|
| 245 |
# |
# |
|a Progress in food preservation /
|c edited by Rajeev Bhat, Abd Karim Alias, Gopinadhan Paliyath.
|
| 260 |
# |
# |
|a Oxford, UK ;
|a Ames, Iowa :
|b Wiley,
|c 2012.
|
| 263 |
# |
# |
|a 1201
|
| 300 |
# |
# |
|a xxv, 630 p. ;
|c 25 cm.
|
| 504 |
# |
# |
|a Includes bibliographical references and index.
|
| 650 |
# |
# |
|a Food
|x Preservation
|x Research.
|
| 700 |
# |
# |
|a Alias, Abd Karim.
|
| 700 |
# |
# |
|a Bhat, Rajeev.
|
| 700 |
# |
# |
|a Paliyath, Gopinadhan.
|
| 923 |
# |
# |
|a 01/2014
|
| 992 |
# |
# |
|a 4385717
|
| 994 |
# |
# |
|a DLU
|
| 900 |
# |
# |
|a True
|
| 911 |
# |
# |
|a Đào Thị Thu Huyền
|
| 925 |
# |
# |
|a G
|
| 926 |
# |
# |
|a A
|
| 927 |
# |
# |
|a SH
|
| 980 |
# |
# |
|a Thư viện Trường Đại học Đà Lạt
|